Η δαιμονική οθόνη : ο εξπρεσιονισμός στον γερμανικό κινηματογράφο και η επιρροή του Μαρξ Ράινχαρτ
Αποθηκεύτηκε σε:
| Κύριος συγγραφέας: | |
|---|---|
| Άλλοι συγγραφείς: | |
| Μορφή: | Βιβλίο |
| Γλώσσα: | Greek German |
| Δημοσίευση: |
Αθήνα :
Αιγόκερως,
c1987
|
| Σειρά: | Κινηματογράφος (Αιγόκερως (Εταιρεία))
|
| Θέματα: | |
| Ετικέτες: |
Προσθήκη ετικέτας
Δεν υπάρχουν, Καταχωρήστε ετικέτα πρώτοι!
|
MARC
| LEADER | 00000cam a2200000 i 4500 | ||
|---|---|---|---|
| 001 | 1/12726 | ||
| 008 | 001017s1987 gre d | ||
| 020 | |a 960-322-204-6 | ||
| 035 | |l 10064312 | ||
| 040 | |a GR-MY-UA |b gre |e aacr | ||
| 041 | 0 | |a gre |h ger | |
| 082 | 0 | |a 791.430943 | |
| 100 | 1 | |a Eisner, Lotte H. | |
| 245 | 1 | 2 | |a Η δαιμονική οθόνη : |b ο εξπρεσιονισμός στον γερμανικό κινηματογράφο και η επιρροή του Μαρξ Ράινχαρτ / |c Λοτέ Αϊσνερ ; μετάφραση Μάκης Μωραΐτης |
| 246 | 3 | 4 | |a Η δαιμονική οθόνη |b ; ο γερμανικός εξπρεσιονισμός στον κινηματογράφο |
| 260 | |a Αθήνα : |b Αιγόκερως, |c c1987 | ||
| 300 | |a 347 σ.; |b εικ.; |c 21 ΕΚ. | ||
| 490 | 1 | |a Κινηματογράφος | |
| 650 | 0 | 0 | |a Motion pictures |z Germany. |
| 700 | 1 | |a Μωραΐτης, Μάκης. |4 trl | |
| 830 | 0 | |a Κινηματογράφος (Αιγόκερως (Εταιρεία)) | |
| 852 | |a INST |b LESVOS |e 20001017 |h 791.430943 EIS |p 005100028813 |q 005100028813 |t BK |y 0 | ||
| 852 | |a INST |b LESVOS |e 20070904 |h 791.430943 EIS |p 005100041126 |q 005100041126 |t BK |y 0 | ||
| 901 | |a BIBL1-2001-2 | ||
| 901 | |a BIBL1-2007-3 | ||
| 909 | |a Λ |b 081160 | ||
| 909 | |a Λ |b 136669 | ||
| 922 | |a 1ΕΛΗ |b 200010 |c ΤΑΚ/ΠΤΕ |d Μιχαλόπουλος | ||
| 922 | |a 1ΕΛΗ |b 200707 |c ΕΠΕΑΕΚ2/ΠΤΕ |d Σ. Πατάκης | ||
| 950 | |a 185-2000-07-07 | ||
| 970 | |a Τζαφέρη |b Ευαγγελία |z 2001/07/11 | ||